All NF Songs - Statistics

General Stats
  • This quiz has been taken 1,530 times
    1,201 since last reset
  • The average score is 52 of 117
Answer Stats
Album Song % Correct
Hope Hope
94%
The Search The Search
93%
Clouds (The Mixtape) Clouds
89%
Therapy Session Therapy Session
86%
Mansion Mansion
84%
Perception Let You Down
83%
Hope Happy
79%
Mansion Intro
79%
Therapy Session Intro 2
77%
Hope Motto
76%
The Search Time
72%
The Search When I Grow Up
72%
Hope Mama
71%
Hope Running
69%
Perception Lie
68%
Clouds (The Mixtape) Lost
68%
Therapy Session How Could You Leave Us
67%
The Search Nate
64%
The Search Why
64%
Hope Pandemonium
63%
The Search Hate Myself
62%
Perception Intro III
62%
The Search Leave Me Alone
62%
Clouds (The Mixtape) Paid My Dues
62%
Clouds (The Mixtape) Story
62%
Hope Bullet
61%
Hope Gone
61%
The Search Change
60%
Perception Outro
60%
Hope Careful
59%
Clouds (The Mixtape) Just Like You
59%
Hope Mistake
58%
Perception Outcast
58%
Perception If You Want Love
54%
Hope Let 'Em Pray
54%
Mansion Paralyzed
54%
Clouds (The Mixtape) Drifting
53%
The Search My Stress
53%
Single #4 NO NAME
53%
Clouds (The Mixtape) Trust
53%
Therapy Session Real
52%
Mansion | NF All I Have
51%
Perception Green Lights
51%
The Search Only
50%
Hope Suffice
50%
Clouds (The Mixtape) That's a Joke
50%
The Search Trauma
50%
The Search I Miss the Days
47%
Therapy Session Lost in the Moment
47%
Moments Moments
47%
Therapy Session Oh Lord
47%
Perception Remember This
47%
Hope Turn My Back
47%
The Search Returns
46%
Perception 3 A.M.
45%
Mansion Can You Hold Me
45%
Clouds (The Mixtape) Prideful
45%
Perception 10 Feet Down
44%
Therapy Session Grindin'
44%
The Search Options
44%
Mansion | NF Wake Up
44%
Perception Dreams
43%
Clouds (The Mixtape) Layers
43%
The Search Let Me Go
43%
Mansion Turn the Music Up
43%
Single #5 Chasing_(Demo)
42%
Mansion Motivated
40%
Mansion Notepad
40%
Therapy Session I Just Wanna Know
39%
The Search Like This
39%
The Search No Excuses
39%
Perception Know
38%
Perception My Life
38%
The Search Thinking
38%
Mansion Wait
38%
Perception You're Special
38%
Perception Destiny
36%
I'm Free I'm Free
36%
The Search -Interlude-
36%
NF Thing Called Love
36%
Single #3 Warm Up
36%
Therapy Session All I Do
35%
Perception One Hundred
35%
Therapy Session Breathe
34%
Therapy Session Got You on My Mind
33%
NF Only One
33%
Mansion Face It
32%
Therapy Session Statement
32%
NF Hands Up
31%
Mansion I'll Keep On
31%
Therapy Session Wish You Wouldn't
28%
Moments Beautiful
27%
Therapy Session I Can Feel It
27%
NF Just Being Me
27%
Single #2 Beautiful Addiction
20%
Single Alone
19%
Moments Circles
16%
Moments Escape
15%
Moments Miss You
14%
I'm Free Goodbye
13%
I'm Free I Got Jesus
13%
Moments I'm Gonna Fly
13%
Moments Overdose
13%
Moments Until I Die
13%
I'm Free Invisible
12%
Moments Reality
12%
I'm Free That's Alright
12%
Moments Wrap Me in Your Arms
12%
Moments Your Grace
12%
Moments Falling Apart
11%
I'm Free I've Been There
11%
I'm Free Not the Same
11%
I'm Free Understand Me
11%
Moments With Me
11%
I'm Free Alone (Remix)
2%
No matching quizzes found
Score Distribution
Percent of People with Each Score
Percentile by Number Answered
Your Score History
You have not taken this quiz since the last reset